Deutsche WM-Endspiel Torschützen - Statistiken

Allgemein
  • Dieses Quiz wurde 124 mal gespielt
  • Das Durchschnittsergebnis liegt bei 7 aus 12
Antwortstatistiken
Hint Antwort % Korrekt
WM 2014Deutschland - Argentinien 1:0 Mario Götze
94%
WM 1990
Argentinien - Deutschland
0:1
Andreas Brehme
92%
WM 1954
Deutschland - Ungarn
3:2
Helmut Rahn
88%
WM 1974
Niederlande - Deutschland
1:2
Gerd Müller
83%
WM 1954
Deutschland - Ungarn
2:2
Helmut Rahn
73%
WM 1974Niederlande - Deutschland 1:1 Paul Breitner
54%
WM 1986
Argentinien - Deutschland
2:2
Rudi Völler
48%
WM 1954Deutschland - Ungarn 1:2 Max Morlock
47%
WM 1986Argentinien - Deutschland 2:1 Karl-Heinz Rummenigge
46%
WM 1982Italien - Deutschland 3:1 Paul Breitner
32%
WM 1966England - Deutschland 0:1 Helmut Haller
25%
WM 1966
England - Deutschland
2:2
Wolfgang Weber
15%
Keine übereinstimmenden Quizze gefunden
Verteilung der Resultate
Anzahl Personen mit jedem Resultat
Perzentil nach korrekt beantworteten Fragen
Ihre Resultats-Entwicklung
Sie haben dieses Quiz noch nicht gespielt